The labor code (Record no. 2108)
[ view plain ]
| 000 -LEADER | |
|---|---|
| fixed length control field | 00415nam a22001577a 4500 |
| 003 - CONTROL NUMBER IDENTIFIER | |
| control field | URS |
| 005 - DATE AND TIME OF LATEST TRANSACTION | |
| control field | 20220114142008.0 |
| 008 - FIXED-LENGTH DATA ELEMENTS--GENERAL INFORMATION | |
| fixed length control field | 190614s1995 ph |||| |||| 00| 0 eng d |
| 040 ## - CATALOGING SOURCE | |
| Transcribing agency | URS |
| Language of cataloging | eng |
| Modifying agency | rda |
| 050 14 - LIBRARY OF CONGRESS CALL NUMBER | |
| Classification number | KF 5616.7 |
| Item number | .F69 1995 |
| 100 ## - MAIN ENTRY--PERSONAL NAME | |
| Personal name | Foz, Vicente V. |
| 245 14 - TITLE STATEMENT | |
| Title | The labor code |
| Statement of responsibility, etc. | Vicente V. Foz |
| 260 ## - PUBLICATION, DISTRIBUTION, ETC. | |
| Place of publication, distribution, etc. | Quezon City: |
| Name of publisher, distributor, etc. | Philippine Law Gazette |
| Date of publication, distribution, etc. | [1995] |
| 300 ## - PHYSICAL DESCRIPTION | |
| Extent | 537 page: |
| Dimensions | 26 cm. |
| 942 ## - ADDED ENTRY ELEMENTS (KOHA) | |
| Source of classification or shelving scheme | Library of Congress Classification |
| Koha item type | Filipiniana |
| Withdrawn status | Source of classification or shelving scheme | Damaged status | Not for loan | Home library | Current library | Shelving location | Date acquired | Total Checkouts | Full call number | Barcode | Date last seen | Price effective from | Koha item type |
|---|---|---|---|---|---|---|---|---|---|---|---|---|---|
| Library of Congress Classification | Cainta College Library | Cainta College Library | On Display | 08/15/2017 | KF5616.7.F69 1995 | URSCAI-4095 | 08/15/2017 | 08/15/2017 | Filipiniana |